Szczegóły MARC21

Die deutsche Rechtschreibung /

005 -DATA I CZAS OSTATNIEJ MODYFIKACJI [,]
    • @
    • pole kontrolne
    • 20090303121223.0
020 -Międzynarod. znormalizowany nr książki - ISBN [ , ]
    • a
    • Numer ISBN
    • 9783577100830 Find
040 -Instytucja sporządzająca opis [ , ]
    • a
    • Instytucja, która sporządziła opis (NP)
    • SZCZ U/DL
    • c
    • Instytucja, która sporządziła rekord (NP)
    • SZCZ U/DL
    • d
    • Instytucja, która zmodyfikowała rekord (P)
    • SZCZ U/AP
041 -Język dokumentu [0, ]
    • a
    • Język tekstu (P)
    • niemiecki
044 -Kraj miejsca wydania [ , ]
    • a
    • Kraj miejsca wydania
    • Niemcy
942 -Rodzaj dokumentu [ , ]
    • c
    • Rodzaj dokumentu
    • Książka
245 -Strefa tytułu i oznaczenia odpowiedzialności [0,4]
    • a
    • Tytuł
    • Die deutsche Rechtschreibung / Find
    • c
    • Pozostałe elementy strefy tytułu i oznaczenia odpowiedzialności (NP)
    • hrsg. von der Wahrig-Redaktion.
250 -Strefa wydania [ , ]
    • a
    • Oznaczenie wydania (NP)
    • 6., vollst. neu bearb. und aktual. Aufl.
260 -Strefa adresu wydawniczego [ , ]
    • a
    • Miejsce wydania (P)
    • Gűtersloh / Műnchen :
    • b
    • Nazwa wydawcy (P)
    • Wissen Media Verlag,
    • c
    • Data wydania (P)
    • 2008.
300 -Strefa opisu fizycznego [ , ]
    • a
    • Określenie formy książki i/lub objętość (NP)
    • 464 s. ;
    • c
    • Format (NP)
    • 20 cm.
440 -Strefa serii i książki wielotomowej - forma do wyszukiwania [ ,0]
    • a
    • Tytuł (NP)
    • Schũller-Wahrig. Find
500 -Uwaga ogólna [ , ]
    • a
    • Uwaga ogólna (NP)
    • Na 1 s. okł.: Richtig schreiben: das aktuelle Rechtschreibwörterbuch für Schüler ab dem 5. Schuljahr. Mit mehr als 30000 Stichwörtern und zahlreichen ergänzenden Anwendungsbeispielen.
500 -Uwaga ogólna [ , ]
    • a
    • Uwaga ogólna (NP)
    • Na okł. i s. tyt.: Bertelsmann Lexikon Institut.
080 -Uniwersalna Klasyfikacja Dziesiętna [ , ]
    • 2
    • Identyfikator wydania tablic
    • UDC-P058
    • a
    • Symbol klasyfikacji
    • 811.112.2’35’374
    • b
    • Dopowiedzenie
    • Język niemiecki. - Słowniki ortograficzne.
980 -Symbol UKD [ , ]
    • a
    • UKD
    • 811.112.2’35’374
920 -ISBN [ , ]
    • a
    • ISBN
    • 978-3-577-10083-0 Find
Numer inwentarzowy Sygnatura Status udost. Lokalizacja Data inwentaryzacji
G.18668GERM. Słowniki specj. 331BM2008-12-12